000 00668nam a22001695i 4500
001 162378
003 ES-MaACL
005 20251003063141.0
008 951113s1853 sp |||| | spa d
040 _aAS
_bspa
_cCCPB | SIC
100 1 _aPoleró y Toledo, Vicente,
_d1824-1911
_992809
245 1 0 _aArte de la restauración
_b: observaciones relativas a la restauración de cuadros /
_cVicente Poleró y Toledo.
260 _aMadrid :
_b[s.n.],
_c1853 (
_fImprenta á cargo de M.A. Gil)
300 _a96 p. ;
_c20 cm.
852 _aES-MaACL
_jT-306-F-3
_z-- Enc. hol.
_q-- Falto de la cub. original
_z-- Enc. en un vol. facticio
999 _c162378
_d162378